00233nam a2200097Ia 4500008004100000100001900041245002100060260003200081300000800113650001400121190216s9999||||xx |||||||||||||| ||und|| aRamachandran.R 0aEnthinee Yathra? bPoorna Pubs Kozhikodec1983 a51p aKavithkal